000 01233nam0a2200325 i 4500
001 RU\NLR\bibl\1926745
005 20260406022034.0
010 _a9785929003890
_9100
021 _aRU
_b2012-48889
_93581
035 _a(nilc)RSL-KNO-005462749
035 _a(NLR Aleph) 001916136
090 _a3242806
_c3242806
100 _a20120709d2012 u y0rusy50 ca
101 1 _arus
102 _aRU
105 _aa |||||||||
200 1 _aОкно в мир
_eстихи, переводы, рассказы, критика
_fЕлена Царева-Блохина
210 _aМосква
_cБФРТЗ "Слово"
_d2012
215 _a63 с.
_cил., портр.
_d21
327 1 _aСодерж.: Проза; Исторические зарисовки; Стихи и переводы; Критические статьи; Отзывы
686 _aШ5(2=Р)75-6я44
_2rubbk
686 _aШ6(2=Р)8я44
700 1 _4070
_8rus
_7ca
_aЦарева-Блохина
_bЕ. А.
_gЕлена Анатольевна
_3RU\NLR\auth\77123595
_9106520
801 0 _aRU
_bRuMoRKP
_c20120709
_grcr
801 1 _aRU
_bРГБ
_c20120709
801 2 _aRU
_bNLR
_c20120720
_grcr
942 _cBOOK
980 _aNBR